| 000 | 00475nam a2200181Ia 4500 | ||
|---|---|---|---|
| 005 | 20240823061759.0 | ||
| 008 | 240823s9999||||xx |||||||||||||| ||und|| | ||
| 041 | _aENGLISH | ||
| 082 | _A411 Q7 | ||
| 100 | _aManonmaniam Sundaranar University | ||
| 245 | 0 | _aSelections from Indian Writing in English for Undergraduates | |
| 250 | _a3rd | ||
| 260 |
_c2017 _bManonmaniam Sundaranar Unive |
||
| 500 | _aYES | ||
| 650 |
_aEnglish _bEnglish |
||
| 942 | _cBK | ||
| 999 |
_c234339 _d234339 |
||